Apología de Raimundo Sabunde

Gorde:
Xehetasun bibliografikoak
Egile nagusia: Montaigne, Michel de (autor)
Formatua: Liburua
Hizkuntza:gaztelania
Argitaratua: Madrid SARPE 1984
Edizioa:1a. ed
Saila:Los Grandes Pensadores, 42
Gaiak:
Etiketak: Etiketa erantsi
Etiketarik gabe, Izan zaitez lehena erregistro honi etiketa jartzen!

MARC

LEADER 00000cam a2200000 a 4500
001 UCE2285
003 CL-VaPUC
008 140619e19840000sp |||||||||||||||||spa|d
020 |a 844997481X 
082 0 4 |a 844  |b MON  |2 21 
100 |a Montaigne, Michel de  |e autor  |9 346836 
245 1 0 |a Apología de Raimundo Sabunde 
250 |a 1a. ed 
300 |a 219 p 
942 |c BK 
945 |d 20140619 13:53:00  |a dcastane 
260 |a Madrid  |b SARPE  |c 1984 
650 0 |a Ensayos franceses  |9 265511 
650 0 |a Filosofía francesa   |9 255698 
650 0 |a Filósofos franceses  |9 314621 
583 |a last modification  |c 20140619 13:53:00  |k Rodrigo Vera 
490 0 |a Los Grandes Pensadores, 42 
999 |c 355923  |d 355921 
952 |0 0  |1 0  |3 erd  |4 0  |6 844_000000000000000_MON_1984  |7 0  |8 X  |9 462907  |a FDOBUD  |b FDOBUD  |i 5042739  |o 844 MON 1984  |p 5042739  |r 2019-11-23  |w 2019-11-23  |y BK_X  |z Catalogado en:20140619  |k BUD